00826cam a2200265Ma 4500001001300000003000600013005001700019008004100036016001800077020002400095020001500119035002100134040003400155050002400189082001900213100002300232245004900255250001900304260005100323300005500374504005100429650001600480650002700496650003700523ocn773368340OCoLC20241015065917.0120111s2011 enk 000 0 eng d7 a0159969382Uk a9781408269800 (pbk) a1408269805 a(OCoLC)773368340 aNLEcNLEdUKMGBdOCLCQdMEAUC 4aQA276.12b.B45 2011 2519.5 B45 20111 aBenghezal, Farouk.10aStatistics for business /cFarouk Benghezal. aArab world ed. aHarlow, England :bPearson Educational,c2011. axv, 679, [72] p. :bcol. ill. ;c28 cm.e1 CD-ROM. aIncludes bibliographical references and index. 0aStatistics. 0aCommercial statistics. 0aEconomicsxStatistical medthods.